|
|
|
|
| LEADER |
00000nam a22000007a 4500 |
| 005 |
20190517131846.0 |
| 007 |
cr|||| |||| |
| 008 |
190517s2018 co |||||s|||| 00||0 spa d |
| 020 |
|
|
|a 978-958-774-661-7
|
| 035 |
|
|
|a 23413
|
| 040 |
|
|
|a vLex
|
| 090 |
|
|
|c 8748
|d 8748
|
| 100 |
1 |
|
|a Rettberg, Angelika
|
| 245 |
1 |
0 |
|a Estudios sobre la seguridad nacional en Colombia I
|h [Recurso electrn̤ico] :
|b La contribucin̤ de Francisco Leal Buitrago /
|c Angelika Rettberg, Laura Wills-Otero, Armando Borrero Mansilla
|n Tomo IV
|
| 256 |
|
|
|a Servicio en ln̕ea
|
| 260 |
|
|
|a Bogot:̀
|b Universidad de Los Andes (Colombia),
|c 2018
|
| 300 |
|
|
|a 1 recurso electrn̤ico
|
| 500 |
|
|
|a Obra de Francisco Leal Buitrago. El oficio de la guerra, obra del profesor Francisco Leal publicada originalmente en 1994 e incluida en este volumen, mantiene su actualidad no solo por referirse a un pasado inmediato que pesa en la conciencia nacional, sino porque el debate polt̕ico colombiano parece retroceder, en su lenguaje, en su gramt̀ica y en su lg̤ica, ante las grandes contradicciones que dieron origen a la doctrina de la seguridad nacional y a su aplicacin̤ en Colombia.
|
| 506 |
1 |
|
|a Disponible solo en los productos indicados
|d vLex Global
|d vLex Global (Academic Edition, excluding Law Schools)
|d vLex Global (U.S. Academic Edition, Law Schools)
|d vLex Global (U.S. Academic Edition, excluding Law Schools)
|d vLex Global (Academic Edition, Law Schools)
|
| 650 |
0 |
4 |
|a Derecho Constitucional
|z Colombia
|
| 650 |
0 |
4 |
|a Ciencia polt̕ica
|z Colombia
|
| 700 |
1 |
|
|a Wills-Otero, Laura
|
| 700 |
1 |
|
|a Borrero Mansilla, Armando
|
| 740 |
0 |
|
|a vLex Libros (Servicio en ln̕ea)
|
| 856 |
4 |
0 |
|u http://vlex.com/source/estudios-sobre-la-seguridad-nacional-en-colombia-i-la-contribucion-de-francisco-leal-buitrago-tomo-iv-23413
|z Acceso restringido
|
| 942 |
|
|
|c BOOK
|
| 999 |
0 |
|
|a Constitutional Law
|
| 999 |
0 |
|
|a Political science
|